000 00667nam a2200253 i 4500
001 C2-0089529
003 PPAK
005 20180727091710.0
008 970507s1994 enka|||| ||||| | eng d
020 _a1854901915
040 _aPPAK
_beng
_cPPAK
_erda
082 0 4 _a727.6
_223
090 0 0 _a727.6
_bMUS
_dR
245 0 0 _aMuseum builders
250 _aSteele, James
264 1 _aLondon :
_bAcademy Editions ,
_c1994
300 _a264 pages :
_billustrations ;
_c50 cm
336 _2rdacontent
_atext
337 _2rdamedia
_aunmediated
338 _2rdacarrier
_avolume
500 _aincludes bibliography
650 1 0 _aMuseum architecture
942 _ddc
_cB
999 _c18510
_d18510